Умершие в XXI веке - Армагеддон - Statistics

General Stats
  • This quiz has been taken 26 times
  • The average score is 4 of 25
Answers on the Grid
Answers color-coded by a green-red scale on the quiz's grid according to % correct below.
Федерико Феллини
Станислав Лем
Талгат Нигматулин
Курт Воннегут
Элвис Пресли
Дмитрий Лихачёв
Савелий Крамаров
Аркадий Стругцакий
Джим Моррисон
Роберт Шекли
Ингмар Бергман
Андрей Сахаров
Ривер Феникс
Нельсон Мандела
Мухаммед Али
Дэвид Фостер Уоллес
Рэй Брэдбери
Сомерсет Моэм
Айзек Азимов
Джохар Дудаев
Жан-Поль Сартр
Александр Мень
Егор Летов
Роберт Хайнлайн
Джордж Карлин
Женя Белоусов
Вангелис
Андрей Вознесенский
Майкл Крайтон
Ролан Быков
Жак Деррида
Терри Пратчетт
Алексей Балабанов
Орсон Уэллс
Уильям Берроуз
Стэнли Кубрик
Джером Сэлинджер
Игорь Тальков
Серж Генсбур
Филип Дик
Ли Куан Ю
Урсула ле Гуин
Дуглас Адамс
Андрей Колмогоров
Михаил Горбачёв
принцесса Диана
Александр Солженицын
Эдуард Артемьев
Артур Кларк
Борис Стругацкий
 
Answer Stats
Answer % Correct
Михаил Горбачёв
54%
Александр Солженицын
50%
Егор Летов
46%
Алексей Балабанов
42%
Мухаммед Али
33%
Нельсон Мандела
25%
Эдуард Артемьев
17%
Борис Стругацкий
17%
Станислав Лем
13%
Джордж Карлин
13%
Курт Воннегут
8%
Рэй Брэдбери
8%
Андрей Вознесенский
8%
Ли Куан Ю
8%
Артур Кларк
8%
Роберт Шекли
4%
Ингмар Бергман
4%
Дэвид Фостер Уоллес
4%
Майкл Крайтон
4%
Терри Пратчетт
4%
Джером Сэлинджер
4%
Вангелис
0%
Жак Деррида
0%
Урсула ле Гуин
0%
Дуглас Адамс
0%
No matching quizzes found
Score Distribution
Percent of People with Each Score
Percentile by Number Answered
Your Score History
You have not taken this quiz